Vogel's Textbook of Practical Organic Chemistry / (Record no. 31830)
[ view plain ]
| 000 -LEADER | |
|---|---|
| fixed length control field | 00534nam a22002177a 4500 |
| 003 - CONTROL NUMBER IDENTIFIER | |
| control field | Nust |
| 005 - DATE AND TIME OF LATEST TRANSACTION | |
| control field | 20220112153447.0 |
| 008 - FIXED-LENGTH DATA ELEMENTS--GENERAL INFORMATION | |
| fixed length control field | 170113b xxu||||| |||| 00| 0 eng d |
| 020 ## - INTERNATIONAL STANDARD BOOK NUMBER | |
| International Standard Book Number | 978-81-7758-957-3 |
| 038 ## - RECORD CONTENT LICENSOR | |
| Staff Name | Khadija |
| 040 ## - CATALOGING SOURCE | |
| Transcribing agency | . |
| 082 ## - DEWEY DECIMAL CLASSIFICATION NUMBER | |
| Classification number | 547.0028 |
| Author Mark | VOG |
| 100 ## - MAIN ENTRY--PERSONAL NAME | |
| Personal name | B. S. , Furniss |
| 9 (RLIN) | 567 |
| 245 ## - TITLE STATEMENT | |
| Title | Vogel's Textbook of Practical Organic Chemistry / |
| Statement of responsibility, etc. | Furniss, B. S. |
| 250 ## - EDITION STATEMENT | |
| Edition statement | 5th |
| 260 ## - PUBLICATION, DISTRIBUTION, ETC. | |
| Place of publication, distribution, etc. | New Delhi |
| Name of publisher, distributor, etc. | Pearson |
| Date of publication, distribution, etc. | 2008. |
| 300 ## - PHYSICAL DESCRIPTION | |
| Extent | 1514 |
| 500 ## - GENERAL NOTE | |
| General note | Paperback. |
| 563 ## - BINDING INFORMATION | |
| Binding note | PB |
| 942 ## - ADDED ENTRY ELEMENTS (KOHA) | |
| Koha item type | Book |
| Source of classification or shelving scheme | |
| Withdrawn status | Lost status | Source of classification or shelving scheme | Damaged status | Not for loan | Permanent Location | Current Location | Shelving location | Date acquired | Full call number | Barcode | Date last seen | Price effective from | Koha item type | Total Checkouts | Total Renewals | Date last checked out | Checked out |
|---|---|---|---|---|---|---|---|---|---|---|---|---|---|---|---|---|---|
| Central Library (CL) | Central Library (CL) | 07/06/2015 | 547.0028 VOG | SMME-364 | 05/24/2023 | 07/06/2015 | Book | 2 | 1 | 02/07/2023 | |||||||
| School of Mechanical & Manufacturing Engineering (SMME) | School of Mechanical & Manufacturing Engineering (SMME) | Text Books | 07/06/2015 | 547.0028 VOG | SMME-363 | 03/28/2018 | 07/06/2015 | Book | |||||||||
| School of Mechanical & Manufacturing Engineering (SMME) | School of Mechanical & Manufacturing Engineering (SMME) | 07/06/2015 | 547.0028 VOG | SMME-365 | 11/24/2021 | 07/06/2015 | Book | 1 | 11/24/2021 | 03/24/2022 |
